000 00854nam a2200241 a 4500
001 41927
003 42045
005 20211209053454.0
008 160607r19701937paua b 001 0 eng d
035 _a(BD-RjUL)42045
040 _aANL
_beng
_cANL
_dBD-RjUL
041 _aeng
082 0 4 _a327.43042
_223
_bAYB 1970
100 1 _aAydelotte, William Osgood,.
_9128854
245 1 0 _aBismarck and British colonial policy :
_bthe problem of South West Africa, 1883-1885 /
_cWilliam Osgood Aydelotte
260 _aPhiladelphia :
_c1970.
_bRussell and Russell,
300 _a[4], xvii, 207p. :
_bport. ;
_c23cm.
504 _aIncludes bibliography and index.
651 0 _aNamibia
_xHistory
_y1884-1915.
_9128855
651 0 _aGermany
_xForeign relations
_zGreat Britain.
_9128856
651 0 _aGreat Britain
_xForeign relations
_zGermany.
_9128857
942 _2ddc
_cBK
999 _c41927
_d41927